| 000 | 01240cam a2200349Ma 4500 | ||
|---|---|---|---|
| 001 | 77114 | ||
| 005 | 20230410142343.0 | ||
| 008 | 000615s19631948sp a g b 001 0 spa d | ||
| 035 | _a(OCoLC)ocn318154242 | ||
| 040 |
_aZZAND _bspa _cZZAND _dBNM _dOCLCQ |
||
| 035 | _a(OCoLC)318154242 | ||
| 041 | 1 |
_aspa _heng |
|
| 050 | 1 | 4 |
_aBX 1711 _bW228p 1963 |
| 082 | 0 | 0 | _a272.2 |
| 049 | _aGRAL | ||
| 100 | 1 |
_aWalsh, William Thomas, _d1891-1949. |
|
| 245 | 1 | 0 |
_aPersonajes de la Inquisición / _cWilliam Thomas Walsh ; traducido del inglés por Isabel de Ambía ; prólogo de Cayetano Alcázar. |
| 250 | _a3a ed. | ||
| 260 |
_aMadrid : _bEspasa-Calpe, _cc1963. |
||
| 300 |
_a331 p. : _bill. ; _c22 cm. |
||
| 440 | 0 | _aColección Grandes Biografías | |
| 500 | _aTraducido del idioma original: Characters of the Inquisition. | ||
| 504 | _aIncluye índice. | ||
| 505 | 0 | _aMoisés.--Pope Gregory IX.--Bernard Gui.--Nicholas Eymeric.--Torquemada.--Cardinal Ximenes.--Some sixteenth century victims.--Llorente. | |
| 650 | 0 | _aInquisition. | |
| 650 | 4 |
_aInquisición _xHistoria. |
|
| 650 | 0 |
_aCatholics _xBiography. |
|
| 650 | 4 |
_aIglesia Católica _xHistoria _vBiografías. |
|
| 650 | 4 | _aInquisición. | |
| 942 |
_2lcc _cbk |
||
| 994 |
_aC0 _bDRFGD |
||
| 999 |
_c94124 _d94124 |
||